| 000 | 01276cam a22001934a 4500 | ||
|---|---|---|---|
| 005 | 20250605164358.0 | ||
| 008 | 250528s ||||||||||||||||||||||||d | ||
| 035 | _a24436 | ||
| 040 |
_aGR-AtMCL _bgre _dGR-AtMCL _eAACR2 |
||
| 245 | 1 | _a16ο Airline Marketing Workshop / Μάρκετινγκ στα Μέτρα σας - Από το Αεροδρόμιο της Αθήνας | |
| 260 | _c2016 | ||
| 300 | _a34 | ||
| 520 | _aThe Big Read: Online Video - Κινητό και Κάθετο και 'Shareable' Κερδίζει Millennials και Brands, Insights: Τηλεοπτικό Περιβάλλον και Διαφήμιση - Θετική η Απόδοση της Τηλεόρασης παρά τις Αβεβαιότητες, Επί Τάπητος: Θεσμικές Εξελίξεις - Φορολογικοί Αυτοπυροβολισμοί, Interview: Είμαστε Συνοδοιπόροι των Νέων για Ένα Καλύτερο Μέλλον, Conferences: Sports and Brands Conference - Μετεξελίσσοντας την Αθλητική Χορηγία σε Στρατηγική Συνεργασία. | ||
| 700 | 1 |
_aΚορδελάς Δημήτρης _99464 |
|
| 942 | _cCR | ||
| 710 | 2 |
_aThe Marketing Week _99825 |
|
| 999 |
_c9318 _d9318 |
||